000 00302nam a2200133 i 4500
001 bg
100 1 _aLYNES, J.
245 0 _aPrinciples of Natural Lighting /
_cJ. Lynes.
260 _aAmsterdam,
_c1968.
040 _cBPK
041 _apol
942 _cKS
008 s pl f |000 0 pol
999 _c12046
_d12046
856 _uhttp://koha.tu.koszalin.pl/cgi-bin/koha/opac-detail.pl?biblionumber=12046
_yKatalog online BPK